000 00753nam a2200253 i 4500
001 C2-0278050
003 PPAK
005 20180728005839.0
008 070204s my a|||| ||||| | may d
020 _a983197428X
040 _aPPAK
_beng
_cPPAK
_erda
082 0 4 _a616.13206
_223
090 0 0 _a616.13206
_bMAS
_dG
100 0 _aMaslina Bujang,
_eauthor
245 1 0 _aTerapi jus dan ramuan tradisional untuk hipertensi
264 1 _aKuala Lumpur :
_bSynergy Media Books ,
_c[date of publication not identified]
300 _aviii, 69 pages :
_bcolour illustrations ;
_c23 cm
336 _2rdacontent
_atext
337 _2rdamedia
_aunmediated
338 _2rdacarrier
_avolume
650 1 0 _aHypertension.
700 _eauthor
942 _ddc
_cB
999 _c85091
_d85091